Thyagaraja Tattva-Bodha Chaturdasa Kriti Manjari : (Record no. 42878)

MARC details
000 -LEADER
fixed length control field 00813nam a22002057a 4500
005 - DATE AND TIME OF LATEST TRANSACTION
control field 20100821124947.0
010 ## - LCCN (DPL NO)
LC control number ENG-101199
020 ## - INTERNATIONAL STANDARD BOOK NUMBER
Terms of availability 100.00
035 ## - SYSTEM CONTROL NUMBER
System control number EN-84732
037 ## - SOURCE OF ACQUISITION
Source of stock number/acquisition DBAD/PUB
082 ## - DEWEY DECIMAL CLASSIFICATION NUMBER
Classification number 181.4
100 ## - MAIN ENTRY--PERSONAL NAME
Personal name Rao, M.Bhimasen
245 ## - TITLE STATEMENT
Title Thyagaraja Tattva-Bodha Chaturdasa Kriti Manjari :
Statement of responsibility, etc by M.Bhimasen Rao
Remainder of title a bird's-eye-view of the philosophy of Thyagaraja /
260 ## - PUBLICATION, DISTRIBUTION, ETC. (IMPRINT)
Place of publication, distribution, etc Berhampur
Name of publisher, distributor, etc M.Bhimsen Rao
Date of publication, distribution, etc 2009
270 ## - ADDRESS
Address Suraj Vihar - I, (West Side) Behind 9th Line Tulasinagar
City Berhampur
Postal code 760001
300 ## - PHYSICAL DESCRIPTION
Extent xv,160p.
Dimensions 21cm (pbk)
500 ## - GENERAL NOTE
General note includes bibliographical references
942 ## - ADDED ENTRY ELEMENTS (KOHA)
Source of classification or shelving scheme Dewey Decimal Classification
Item type English Books
Classification part 181.4
Call number suffix RAO
Holdings
Withdrawn status Lost status Not for loan Collection code Home library Current library Date acquired Source of acquisition Cost, normal purchase price Full call number Barcode Copy number Cost, replacement price Koha item type
    Not For Loan Non-fiction D.B.Act.Division D.B.Act.Division 21/08/2010 DBAD/PUB 100.00 181.4 RAO EN-84732 1 100.00 English Books

© Delhi Public Library
Hit Counter
free hit counter